[Event "Frankfurt Ch 2008"]
[Site "Ffm-Kalbach, LAZ"]
[Date "2008.06.09"]
[Round "6.34"]
[White "Förster, Rudi"]
[Black "Faqiry, Ramat"]
[Result "1/2-1/2"]
[WhiteElo "1914"]
[BlackElo "1984"]
[PlyCount "25"]
[EventDate "2008.??.??"]

1. e4 c5 2. c3 d5 3. exd5 Qxd5 4. d4 Bf5 5. Nf3 e6 6. Bb5+ Nc6 7. c4 Qe4+ 8.
Be3 cxd4 9. Qxd4 Bb4+ 10. Nbd2 Nf6 11. O-O Bxd2 12. Qxe4 Nxe4 13. Bxc6+ 1/2-1/2

[Event "Frankfurt Ch 2008"]
[Site "Ffm-Kalbach, LAZ"]
[Date "2008.06.09"]
[Round "6.35"]
[White "Mussler, Thomas"]
[Black "Jung, Bernd"]
[Result "1/2-1/2"]
[WhiteElo "2168"]
[BlackElo "1899"]
[PlyCount "81"]
[EventDate "2008.??.??"]

1. d4 d5 2. Nf3 c5 3. dxc5 e6 4. c4 Bxc5 5. Nc3 Nc6 6. e3 Nf6 7. cxd5 exd5 8.
Be2 O-O 9. O-O d4 10. Na4 b6 11. Nxc5 bxc5 12. exd4 cxd4 13. Bb5 Bb7 14. Bxc6
Bxc6 15. Nxd4 Bb7 16. Be3 Qd5 17. Qf3 Qd7 18. Qf5 Qe7 19. Bg5 Qe4 20. Qxe4 Nxe4
21. Be3 Rac8 22. Rfc1 Rxc1+ 23. Rxc1 Rc8 24. Rxc8+ Bxc8 25. Nc6 Be6 26. f3 Nd6
27. a3 a6 28. Kf2 Nc4 29. Bd4 f6 30. Bc3 Bd7 31. Nd4 Kf7 32. Ke2 Nd6 33. Kd3
Nb5 34. Nxb5 axb5 35. Kd4 Ke6 36. Kc5 g6 37. g3 f5 38. f4 Be8 39. Be5 Bd7 40.
h3 Be8 41. h4 1/2-1/2

[Event "Frankfurt Ch 2008"]
[Site "Ffm-Kalbach, LAZ"]
[Date "2008.06.09"]
[Round "6.36"]
[White "Popp, Matthias"]
[Black "Hausmann, Hans-Ulrich"]
[Result "0-1"]
[WhiteElo "1538"]
[BlackElo "1950"]
[PlyCount "66"]
[EventDate "2008.??.??"]

1. d4 Nf6 2. Nf3 g6 3. Bf4 Bg7 4. e3 d6 5. Bc4 O-O 6. c3 h6 7. Nbd2 Nbd7 8. Qc2
d5 9. Bd3 c5 10. Bxg6 fxg6 11. Qxg6 Qe8 12. Qc2 Nh5 13. Bc7 e5 14. dxe5 Nxe5
15. Bxe5 Bxe5 16. Nxe5 Qxe5 17. Nf3 Qf5 18. Qb3 Be6 19. O-O-O d4 20. Qa4 dxc3
21. bxc3 Rad8 22. Rxd8 Rxd8 23. Qxa7 Qd3 24. Qa3 Nf6 25. Qb2 Ne4 26. c4 Qxc4+
27. Qc2 Nxf2 28. Rg1 Nd3+ 29. Kb1 Qb5+ 30. Ka1 Ra8 31. Rb1 Qa6 32. Rb2 Qa3 33.
Rb3 Qxb3 0-1

[Event "Frankfurt Ch 2008"]
[Site "Ffm-Kalbach, LAZ"]
[Date "2008.06.09"]
[Round "6.37"]
[White "Fröhlich-Dill, Astrid"]
[Black "Schirmer, Karl-Heinz"]
[Result "1-0"]
[WhiteElo "1997"]
[BlackElo "1716"]
[PlyCount "120"]
[EventDate "2008.??.??"]

1. d4 e6 2. c4 Nf6 3. Nc3 Bb4 4. Bg5 d5 5. e3 O-O 6. Bd3 Nbd7 7. cxd5 exd5 8.
Nge2 c6 9. O-O Be7 10. Rc1 Ne8 11. Bxe7 Qxe7 12. Nf4 Qg5 13. b4 Ndf6 14. b5 Nd6
15. bxc6 bxc6 16. Nce2 Bd7 17. Ng3 g6 18. f3 h5 19. Qd2 h4 20. Nh1 Nf5 21. Bxf5
Qxf5 22. g4 Qg5 23. Nf2 Nh7 24. N2h3 Qe7 25. Rfe1 Ng5 26. Nxg5 Qxg5 27. h3 f5
28. Qd3 Kh7 29. Kh2 fxg4 30. fxg4 Kh6 31. Rf1 Rab8 32. Rc2 Rb6 33. Rcf2 Rfb8
34. Nxg6 Rb2 35. Ne5 Be8 36. Kg1 Rxf2 37. Rxf2 Bg6 38. Qxg6+ Qxg6 39. Nxg6 Kxg6
40. Rc2 Rb6 41. Kf2 Kg5 42. Kf3 Ra6 43. Ke2 Kg6 44. Kd3 Ra3+ 45. Kd2 Ra6 46.
Kc1 Kg5 47. Kb1 Rb6+ 48. Rb2 Ra6 49. Rb3 Ra4 50. Kb2 Ra5 51. Rc3 Rb5+ 52. Kc2
Ra5 53. a3 Ra6 54. Kb2 Rb6+ 55. Rb3 Ra6 56. Kc3 Ra4 57. Kd3 Rc4 58. Rc3 Ra4 59.
e4 Kf4 60. e5 Ra6 1-0

[Event "Frankfurt Ch 2008"]
[Site "Ffm-Kalbach, LAZ"]
[Date "2008.06.09"]
[Round "6.38"]
[White "Dubois De Luchet, E."]
[Black "Cammarata, Mattia"]
[Result "1-0"]
[WhiteElo "1967"]
[BlackElo "1691"]
[PlyCount "111"]
[EventDate "2008.??.??"]

1. d4 d6 2. c4 Nf6 3. Nc3 g6 4. e4 Bg7 5. f3 O-O 6. Be3 Nbd7 7. Qd2 e5 8. Nge2
Nb6 9. b3 a5 10. a4 Nfd7 11. h4 f5 12. O-O-O f4 13. Bf2 Bh6 14. dxe5 Nxc4 15.
Qd5+ Kh8 16. Qxc4 Nxe5 17. Qd5 Qe7 18. Qd2 Be6 19. Nd4 Bg8 20. Nd5 Qf7 21. Qc2
Rac8 22. Kb2 Bg7 23. Ka2 Rfd8 24. Bc4 Qe8 25. Nxf4 Nxc4 26. bxc4 Qe5 27. Nd5 c6
28. Nb6 Rc7 29. Nb3 c5 30. Be1 Rc6 31. Nd5 Bxd5 32. exd5 Rb6 33. Bxa5 Qe8 34.
Bc3 Qxa4+ 35. Kb2 Re8 36. Bxg7+ Kxg7 37. Rhe1 Rxe1 38. Rxe1 Kf7 39. Ra1 Qe8 40.
Rc1 Qe5+ 41. Qc3 Qg3 42. Rc2 Qxh4 43. Re2 Rb4 44. g4 h5 45. Qh8 Qf6+ 46. Qxf6+
Kxf6 47. Kc3 hxg4 48. fxg4 b5 49. Nd2 bxc4 50. Nxc4 Kg5 51. Re4 Kh4 52. Nxd6
Rb1 53. Kc2 Rb6 54. Nf7 Rf6 55. g5+ Rf4 56. Rxf4+ 1-0

[Event "Frankfurt Ch 2008"]
[Site "Ffm-Kalbach, LAZ"]
[Date "2008.06.09"]
[Round "6.39"]
[White "Thomele, Michael"]
[Black "Schwabe, Michael"]
[Result "1-0"]
[WhiteElo "1877"]
[BlackElo "1647"]
[PlyCount "89"]
[EventDate "2008.??.??"]

1. e4 c6 2. d4 d5 3. Nc3 dxe4 4. Nxe4 Bf5 5. Ng3 Bg6 6. Nf3 Nd7 7. h4 h6 8. h5
Bh7 9. Bd3 Bxd3 10. Qxd3 e6 11. Bf4 Qa5+ 12. Bd2 Qc7 13. O-O-O Ngf6 14. Rhe1
O-O-O 15. Kb1 Bd6 16. Ne4 Nxh5 17. g3 Rhe8 18. Nxd6+ Qxd6 19. Qb3 Qd5 20. c4
Qf5+ 21. Ka1 e5 22. d5 cxd5 23. cxd5 Ndf6 24. Be3 Kb8 25. d6 Nd7 26. Nd2 Qe6
27. Qa4 a6 28. Qb4 Rc8 29. Rc1 Nhf6 30. Nc4 Nd5 31. Qb3 Nxe3 32. fxe3 Nc5 33.
Qa3 Ne4 34. Qb4 f5 35. Red1 Qd7 36. Kb1 Rc6 37. Nb6 Rxc1+ 38. Kxc1 Qc6+ 39. Kb1
Rd8 40. d7 Nxg3 41. Rc1 Qf3 42. Rc8+ Ka7 43. a3 Qe4+ 44. Qxe4 Nxe4 45. Rxd8 1-0

[Event "Frankfurt Ch 2008"]
[Site "Ffm-Kalbach, LAZ"]
[Date "2008.06.09"]
[Round "6.40"]
[White "Klyszcz, Michael"]
[Black "Wehhofer, Josef"]
[Result "1-0"]
[WhiteElo "2038"]
[BlackElo "1634"]
[PlyCount "65"]
[EventDate "2008.??.??"]

1. e4 e5 2. Bc4 Bc5 3. Nf3 Nc6 4. O-O Nf6 5. d3 O-O 6. c3 d6 7. h3 h6 8. Nbd2
a6 9. Bb3 Be6 10. Re1 Re8 11. Nf1 d5 12. exd5 Bxd5 13. Be3 Bxe3 14. Nxe3 Bxf3
15. Qxf3 Qxd3 16. Rad1 Qg6 17. Bc2 Qg5 18. Nd5 Nxd5 19. Rxd5 Re7 20. Qe4 g6 21.
Bb3 Kg7 22. Ba4 f5 23. Qc4 Qf6 24. Bxc6 bxc6 25. Rc5 Qd6 26. Rxc6 Qd2 27. Re2
Qd7 28. Re3 Rb8 29. Rd3 Qe8 30. Rxc7 Rxb2 31. Qe6 Kf8 32. Qf6+ Rf7 33. Qh8# 1-0

[Event "Frankfurt Ch 2008"]
[Site "Ffm-Kalbach, LAZ"]
[Date "2008.06.09"]
[Round "6.41"]
[White "Haftmann, Rainer"]
[Black "Ochmann, Reimund"]
[Result "0-1"]
[WhiteElo "1859"]
[BlackElo "2123"]
[PlyCount "80"]
[EventDate "2008.??.??"]

1. e4 e5 2. Nf3 Nc6 3. Bb5 a6 4. Ba4 d6 5. d4 b5 6. Bb3 Nxd4 7. Nxd4 exd4 8.
O-O Nf6 9. Bg5 Be7 10. c3 dxc3 11. Nxc3 O-O 12. Qd2 Bb7 13. Bxf6 Bxf6 14. Nd5
c6 15. Nxf6+ Qxf6 16. Rac1 Rfe8 17. Rc3 Re7 18. Rf3 Qe5 19. Re3 Rae8 20. Kh1
Qf6 21. Rfe1 Qh6 22. Qd3 c5 23. Bd5 Bxd5 24. Qxd5 Qf6 25. R3e2 Re5 26. Qc6 d5
27. Qxc5 dxe4 28. Rxe4 Rxe4 29. Rxe4 Rd8 30. h3 Qxb2 31. Qc6 g6 32. Re8+ Rxe8
33. Qxe8+ Kg7 34. Qe3 a5 35. a3 b4 36. axb4 axb4 37. g4 Qc3 38. Qf4 Qxh3+ 39.
Kg1 Qc3 40. g5 b3 0-1

[Event "Frankfurt Ch 2008"]
[Site "Ffm-Kalbach, LAZ"]
[Date "2008.06.09"]
[Round "6.42"]
[White "Rausch, Wolfgang"]
[Black "Tierling, Detlef"]
[Result "0-1"]
[WhiteElo "1673"]
[BlackElo "2006"]
[PlyCount "92"]
[EventDate "2008.??.??"]

1. c4 b6 2. Nc3 Bb7 3. d4 e6 4. e4 Bb4 5. Bd3 Nf6 6. f3 Nc6 7. Nge2 Qe7 8. O-O
O-O-O 9. Be3 h6 10. a3 Bxc3 11. Nxc3 d5 12. cxd5 exd5 13. e5 Nh7 14. f4 Kb8 15.
Qc2 g6 16. Rad1 f5 17. Rc1 Nf8 18. Bb5 Nxd4 19. Bxd4 c5 20. Bf2 Ne6 21. Qd2 g5
22. fxg5 hxg5 23. Bd3 Qh7 24. Bg3 Rhf8 25. Nb5 c4 26. Bb1 Nc5 27. e6+ Ka8 28.
Nc7+ Kb8 29. e7 Qxe7 30. Ne6+ f4 31. Nxd8 Qxd8 32. Bf2 Nb3 33. Qc3 Nxc1 34.
Rxc1 g4 35. Qe5+ Ka8 36. Bd4 f3 37. Rf1 Re8 38. Qf6 Qxf6 39. Bxf6 fxg2 40. Kxg2
d4+ 41. Kg3 d3 42. Bc3 Bf3 43. a4 a6 44. b3 cxb3 45. Bd4 d2 46. Bxb6 d1=Q 0-1

[Event "Frankfurt Ch 2008"]
[Site "Ffm-Kalbach, LAZ"]
[Date "2008.06.09"]
[Round "6.43"]
[White "Gottlieb, Herbert"]
[Black "Thole, Markus"]
[Result "1-0"]
[WhiteElo "1658"]
[BlackElo "1749"]
[PlyCount "93"]
[EventDate "2008.??.??"]

1. d4 e6 2. Nf3 Nf6 3. e3 b6 4. Nbd2 Bb7 5. Bd3 c5 6. O-O Nc6 7. c3 d5 8. Re1
Be7 9. e4 dxe4 10. Nxe4 cxd4 11. cxd4 O-O 12. a3 Nxd4 13. Nxd4 Qxd4 14. Nxf6+
Qxf6 15. Qh5 g6 16. Qe2 Bc5 17. Bh6 Rfd8 18. Rad1 Rd5 19. b4 Bd6 20. Be3 Rh5
21. h3 Rd8 22. Ba6 Bc6 23. Qc2 Ba8 24. Be2 Rd5 25. Rxd5 Bxd5 26. Rd1 Be5 27.
Qd2 Qe7 28. Bg5 Bf6 29. Bh6 Rc8 30. Rc1 Rxc1+ 31. Qxc1 Qb7 32. Qf4 Bg7 33. Bxg7
Kxg7 34. Qe5+ f6 35. Qg3 e5 36. h4 Qc8 37. h5 Qc1+ 38. Kh2 g5 39. Qd3 Qf4+ 40.
Kg1 Qc1+ 41. Bd1 Qc4 42. Qf5 Be6 43. h6+ Kf8 44. Qxf6+ Ke8 45. Ba4+ b5 46.
Bxb5+ Qxb5 47. Qxe6+ 1-0

[Event "Frankfurt Ch 2008"]
[Site "Ffm-Kalbach, LAZ"]
[Date "2008.06.09"]
[Round "6.44"]
[White "Bittner, Peter"]
[Black "Ostermeier, Thorsten"]
[Result "0-1"]
[WhiteElo "1966"]
[BlackElo "1943"]
[PlyCount "134"]
[EventDate "2008.??.??"]

1. e4 c5 2. b3 Nc6 3. Bb2 a6 4. f4 e6 5. Nf3 Nf6 6. Nc3 d5 7. e5 Ng8 8. Be2 Be7
9. d4 Nh6 10. Qd2 Nf5 11. Nd1 h5 12. Ne3 Nxe3 13. Qxe3 Qb6 14. c3 Bd7 15. Qd2
h4 16. h3 Rc8 17. Rc1 Qa5 18. dxc5 Bxc5 19. c4 Qb6 20. Rd1 Bf2+ 21. Kf1 Be3 22.
Bd4 Bxd2 23. Bxb6 Bxf4 24. cxd5 Nxe5 25. Nxe5 Bxe5 26. dxe6 fxe6 27. Bc4 Rc6
28. Ba5 Bg3 29. Ke2 Rh5 30. Bb4 Re5+ 31. Kf3 a5 32. Be1 Rf5+ 33. Ke2 Rg5 34.
Bxg3 Rxg3 35. Kf2 Rc5 36. Rhe1 Rf5+ 37. Kg1 Rf6 38. Rd6 Ke7 39. Red1 Bc6 40.
Bf1 Rfg6 41. R6d3 Bf3 42. R1d2 Bc6 43. Rxg3 Rxg3 44. Rd4 g5 45. b4 axb4 46.
Rxb4 Ra3 47. Bc4 Rc3 48. Bf1 Rc2 49. a4 Ra2 50. Rg4 Kf6 51. g3 Rxa4 52. gxh4
Rxg4+ 53. hxg4 gxh4 54. Kh2 Kg5 55. Bc4 Bd5 56. Be2 e5 57. Kg1 Be6 58. Bf3 b5
59. Bc6 b4 60. Kf2 Kxg4 61. Ke3 Bf5 62. Kf2 b3 63. Kg1 b2 64. Kh2 b1=Q 65. Bf3+
Kf4 66. Bg2 Be4 67. Bf1 Qe1 0-1

[Event "Frankfurt Ch 2008"]
[Site "Ffm-Kalbach, LAZ"]
[Date "2008.06.09"]
[Round "6.45"]
[White "Winand, Edgar"]
[Black "Moranda, Katarzyna"]
[Result "1/2-1/2"]
[WhiteElo "1778"]
[BlackElo "1858"]
[PlyCount "93"]
[EventDate "2008.??.??"]

1. Nf3 d5 2. d4 Nf6 3. e3 e6 4. b3 c5 5. Bb2 Nc6 6. a3 Be7 7. Bd3 O-O 8. Nbd2
b6 9. Qe2 Qc7 10. Ne5 Bb7 11. f4 Nd7 12. O-O f6 13. Qh5 f5 14. Nxd7 Qxd7 15. g4
cxd4 16. exd4 Qe8 17. Qh3 Qg6 18. g5 h6 19. Kh1 hxg5 20. fxg5 Qxg5 21. Rg1 Qf6
22. Qh5 g5 23. Rxg5+ Qxg5 24. Rg1 Qxg1+ 25. Kxg1 Rf7 26. Nf3 Bd6 27. Bc1 f4 28.
Ng5 Rg7 29. Bh7+ Kf8 30. Kf1 Ba6+ 31. c4 Nd8 32. Qh6 Be7 33. Bg6 Bxg5 34. Qxg5
dxc4 35. b4 Nf7 36. Qf6 c3+ 37. Kf2 Kg8 38. Bxf4 Rf8 39. Ke3 Nd8 40. Qg5 Nc6
41. Qh5 Ne7 42. Bc2 Nd5+ 43. Ke4 Rxf4+ 44. Ke5 Bc4 45. Qe8+ Rf8 46. Qxe6+ Rgf7
47. Qg6+ 1/2-1/2

[Event "Frankfurt Ch 2008"]
[Site "Ffm-Kalbach, LAZ"]
[Date "2008.06.09"]
[Round "6.46"]
[White "Vogelgesang, Marc"]
[Black "Bastian, Holger"]
[Result "1-0"]
[WhiteElo "1594"]
[BlackElo "1775"]
[PlyCount "50"]
[EventDate "2008.??.??"]

1. e4 d6 2. d4 Nf6 3. Nc3 g6 4. Nf3 Bg7 5. Be2 O-O 6. O-O c6 7. h3 Qc7 8. Bf4
Nbd7 9. Qd2 Re8 10. Rfe1 e5 11. dxe5 dxe5 12. Be3 Nh5 13. Rad1 Nf4 14. Bc4 b5
15. Bb3 a5 16. a4 b4 17. Ne2 Nxe2+ 18. Rxe2 Nf6 19. Bc5 Be6 20. Bd6 Qb7 21.
Bxe6 Rxe6 22. Bxe5 Rae8 23. Bxf6 Bxf6 24. e5 Qc7 25. exf6 Rxe2 1-0

[Event "Frankfurt Ch 2008"]
[Site "Ffm-Kalbach, LAZ"]
[Date "2008.06.09"]
[Round "6.48"]
[White "Gauf, Wolfgang"]
[Black "Smith-Meyer, Geir"]
[Result "1-0"]
[WhiteElo "1758"]
[BlackElo "1610"]
[PlyCount "81"]
[EventDate "2008.??.??"]

1. d4 Nf6 2. Nf3 g6 3. c4 c5 4. Nc3 cxd4 5. Nxd4 Nc6 6. e4 d6 7. Be2 Bg7 8. Be3
O-O 9. O-O a6 10. Qd2 Bd7 11. Rac1 Qa5 12. a3 Nxd4 13. Qxd4 Bc6 14. Qd3 Nd7 15.
b4 Qc7 16. f4 b6 17. Nd5 Qd8 18. Bf3 f5 19. exf5 Rc8 20. Nxe7+ Qxe7 21. Bxc6
Rxc6 22. Qd5+ Qf7 23. Qxc6 Bb2 24. Rcd1 Qxf5 25. Qd5+ Rf7 26. Qxf5 gxf5 27.
Rxd6 Bxa3 28. Rfd1 Re7 29. Kf2 Nf8 30. Rxb6 Nd7 31. Rbd6 Nf8 32. Bd2 a5 33. Rb1
Re4 34. Rc6 Ne6 35. Re1 Rxe1 36. Kxe1 Nd4 37. Rc8+ Kf7 38. bxa5 Ne6 39. a6 Bc5
40. Rxc5 Nxc5 41. a7 1-0

[Event "Frankfurt Ch 2008"]
[Site "Ffm-Kalbach, LAZ"]
[Date "2008.06.09"]
[Round "6.49"]
[White "Plattner, Rolf"]
[Black "Kletzerman, Simon"]
[Result "1-0"]
[WhiteElo "1922"]
[BlackElo "1592"]
[PlyCount "99"]
[EventDate "2008.??.??"]

1. e4 c5 2. Nf3 Nc6 3. Bb5 a6 4. Bxc6 bxc6 5. O-O e6 6. d3 Bd6 7. Re1 e5 8. Nc3
Bc7 9. Be3 d6 10. h3 Ne7 11. Qe2 O-O 12. Rad1 Ng6 13. Qd2 Bd7 14. Ne2 Qc8 15.
Ng3 f5 16. exf5 Bxf5 17. Nxf5 Rxf5 18. Ng5 Qd7 19. c3 Raf8 20. d4 Nh4 21. dxe5
Rxe5 22. Bf4 Rxg5 23. Bxg5 Nf3+ 24. gxf3 Rxf3 25. Qe2 Qxh3 26. Qe6+ Qxe6 27.
Rxe6 Rf8 28. Rde1 h6 29. Bh4 c4 30. Re8 d5 31. Rxf8+ Kxf8 32. Be7+ Kf7 33. Bc5
Bd8 34. Kg2 a5 35. a4 g6 36. Kg3 h5 37. f4 Bf6 38. Bb6 Be7 39. Bxa5 Bc5 40. Bb4
Bxb4 41. cxb4 d4 42. a5 d3 43. a6 d2 44. Rd1 Ke6 45. Rxd2 Kf5 46. a7 h4+ 47.
Kf3 h3 48. a8=Q g5 49. Qf8+ Kg6 50. Rd6+ 1-0

[Event "Frankfurt Ch 2008"]
[Site "Ffm-Kalbach, LAZ"]
[Date "2008.06.09"]
[Round "6.51"]
[White "Kannenberg, Carl-Fr"]
[Black "Tramnitz, Christian"]
[Result "1-0"]
[WhiteElo "1959"]
[BlackElo "1529"]
[PlyCount "113"]
[EventDate "2008.??.??"]

1. e4 e5 2. Nf3 Nc6 3. Bb5 d6 4. d4 exd4 5. Nxd4 Nge7 6. O-O Bd7 7. Re1 a6 8.
Ba4 b5 9. Nxc6 Nxc6 10. Bb3 Be7 11. c3 O-O 12. Bf4 Bg5 13. Qc1 Bxf4 14. Qxf4
Ne5 15. Qd2 Qh4 16. f4 Nd3 17. Rf1 Nc5 18. Bc2 Bc6 19. Qd4 Qg4 20. Nd2 f5 21.
Rae1 Rae8 22. g3 Qh3 23. b4 Ne6 24. Qf2 fxe4 25. Bxe4 d5 26. Bg2 Qh6 27. Nb3
Ng5 28. Rxe8 Bxe8 29. Bxd5+ Kh8 30. Qc5 Qf6 31. Qxc7 Ne6 32. Qe5 Qxe5 33. fxe5
Rxf1+ 34. Kxf1 Nc7 35. Bb7 Bf7 36. Kf2 Bd5 37. Bc8 Kg8 38. Ke3 Kf7 39. Kd4 Ke7
40. Nc5 Bxa2 41. Nxa6 Nd5 42. Bb7 Nb6 43. Nc7 Bc4 44. Bc6 Nd7 45. Bxb5 Bxb5 46.
Nxb5 Ke6 47. Nc7+ Kf5 48. e6 Ne5 49. Kd5 Ng4 50. Kd6 h5 51. e7 Nf6 52. e8=Q
Nxe8+ 53. Nxe8 g5 54. h3 h4 55. Ng7+ Kf6 56. gxh4 gxh4 57. b5 1-0

[Event "Frankfurt Ch 2008"]
[Site "Ffm-Kalbach, LAZ"]
[Date "2008.06.09"]
[Round "6.52"]
[White "Sallwey, Rainer"]
[Black "Petri, Igor"]
[Result "0-1"]
[WhiteElo "1568"]
[BlackElo "1724"]
[PlyCount "82"]
[EventDate "2008.??.??"]

1. d4 e6 2. Nf3 f5 3. c4 Nf6 4. g3 Be7 5. Bg2 O-O 6. O-O d6 7. Nc3 Ne4 8. Qc2
Nxc3 9. Qxc3 a5 10. Qd3 Nc6 11. a3 e5 12. dxe5 dxe5 13. Qxd8 Rxd8 14. Bg5 e4
15. Bxe7 Nxe7 16. Ne5 Bd7 17. Nxd7 Rxd7 18. b4 a4 19. e3 Rad8 20. f3 exf3 21.
Bxf3 c6 22. e4 fxe4 23. Bxe4 Rd4 24. Bc2 Rxc4 25. Bxa4 Rc3 26. Bd1 Ra8 27. a4
Nd5 28. Rb1 Ne3 29. Bb3+ Rxb3 30. Rxb3 Nxf1 31. Kxf1 Rxa4 32. Rb2 Kf7 33. Ke2
Ke6 34. Kd3 Kd5 35. b5 c5 36. Ke3 Rb4 37. Rd2+ Ke6 38. h4 Rxb5 39. Kf4 c4 40.
Re2+ Kf6 41. g4 Rc5 0-1

[Event "Frankfurt Ch 2008"]
[Site "Ffm-Kalbach, LAZ"]
[Date "2008.06.09"]
[Round "6.53"]
[White "Lanz, Jürgen"]
[Black "Mühlbach, Christian"]
[Result "1/2-1/2"]
[WhiteElo "1713"]
[BlackElo "1474"]
[PlyCount "42"]
[EventDate "2008.??.??"]

1. c4 c5 2. Nc3 Nc6 3. Nf3 Nf6 4. g3 g6 5. Bg2 Bg7 6. O-O O-O 7. d3 d6 8. a3
Re8 9. Rb1 e6 10. e3 d5 11. Ne2 Qd6 12. b3 d4 13. exd4 Nxd4 14. Nexd4 cxd4 15.
b4 e5 16. Ng5 h6 17. Ne4 Nxe4 18. Bxe4 f5 19. Bd5+ Kh7 20. Re1 Re7 21. f4 Be6
1/2-1/2

[Event "Frankfurt Ch 2008"]
[Site "Ffm-Kalbach, LAZ"]
[Date "2008.06.09"]
[Round "6.54"]
[White "Grunenberg, Sven"]
[Black "Barisch, Florian"]
[Result "0-1"]
[WhiteElo "1542"]
[BlackElo "1713"]
[PlyCount "96"]
[EventDate "2008.??.??"]

1. b4 d5 2. Bb2 Bf5 3. e3 e6 4. Nf3 Nf6 5. a3 Nbd7 6. c4 c6 7. Nc3 Bd6 8. c5
Bc7 9. Ne2 Bd3 10. Ng3 Bxf1 11. Nxf1 O-O 12. Ng3 Re8 13. O-O Nf8 14. Qc2 Ng6
15. Rad1 e5 16. d3 Qd7 17. e4 d4 18. Bc1 h6 19. Nf5 Qe6 20. h3 Nh5 21. g3 Nf6
22. Qe2 Kh7 23. Kg2 Nd7 24. Rh1 a5 25. Qd2 axb4 26. Nxh6 gxh6 27. Qxh6+ Kg8 28.
Ng5 Nf4+ 29. Bxf4 Qxh6 30. Nxf7 Qf6 31. Nh6+ Kh7 32. Ng4 Qe6 33. Bg5 bxa3 34.
Nh6 Nxc5 35. Nf5 a2 36. g4 Nb3 37. h4 a1=Q 38. h5 Qxd1 39. Rxd1 Ra1 40. Rxa1
Nxa1 41. Bh6 Bd8 42. Bd2 Rg8 43. f3 Bg5 44. Bb4 Nc2 45. Bc5 Ne3+ 46. Kg3 Qa2
47. Nxe3 Bf4+ 48. Kh4 Qh2# 0-1

[Event "Frankfurt Ch 2008"]
[Site "Ffm-Kalbach, LAZ"]
[Date "2008.06.09"]
[Round "6.55"]
[White "Genis, Roy"]
[Black "Fischer, Ulrich"]
[Result "1-0"]
[WhiteElo "1917"]
[BlackElo "1256"]
[PlyCount "47"]
[EventDate "2008.??.??"]

1. e4 e5 2. Nf3 Nc6 3. d4 exd4 4. Nxd4 Bc5 5. Be3 Qf6 6. c3 Nge7 7. Bc4 Ne5 8.
Be2 Qg6 9. O-O d6 10. Nb5 O-O 11. Bxc5 Bh3 12. Bf3 dxc5 13. Kh1 Nxf3 14. Qxf3
Qa6 15. N1a3 Be6 16. Nxc7 Qb6 17. Nxa8 Rxa8 18. b3 a5 19. c4 Qc7 20. Nb5 Qc8
21. Qd3 Bd7 22. Nd6 Qc7 23. Rfd1 Be6 24. Nxb7 1-0

[Event "Frankfurt Ch 2008"]
[Site "Ffm-Kalbach, LAZ"]
[Date "2008.06.09"]
[Round "6.56"]
[White "Plötz, Hans-Jürgen"]
[Black "Lietzau, Olaf"]
[Result "0-1"]
[WhiteElo "1413"]
[BlackElo "1652"]
[PlyCount "58"]
[EventDate "2008.??.??"]

1. d4 Nf6 2. Nf3 g6 3. Bf4 Bg7 4. e3 d6 5. c4 O-O 6. Nc3 Nh5 7. Bg5 f6 8. Bh4
g5 9. Bg3 Bg4 10. Be2 c6 11. Qb3 Nxg3 12. hxg3 Qd7 13. Rd1 h6 14. c5+ d5 15. e4
e6 16. e5 Bxf3 17. Bxf3 fxe5 18. dxe5 Qc7 19. Rd2 Nd7 20. Bg4 Rae8 21. Qc2 Nxe5
22. Bh5 Re7 23. Ne2 Nc4 24. Rd3 Nxb2 25. Rb3 Nc4 26. f4 Qa5+ 27. Kd1 Qxc5 28.
Bg6 Ne3+ 29. Rxe3 Qxe3 0-1

[Event "Frankfurt Ch 2008"]
[Site "Ffm-Kalbach, LAZ"]
[Date "2008.06.09"]
[Round "6.57"]
[White "Bender, Manfred"]
[Black "Krüger, Jens"]
[Result "1-0"]
[WhiteElo "1821"]
[BlackElo "1451"]
[PlyCount "55"]
[EventDate "2008.??.??"]

1. d4 Nf6 2. c4 d6 3. e4 g6 4. Nc3 Bg7 5. Bd3 O-O 6. f4 e5 7. fxe5 dxe5 8. d5
Bg4 9. Nf3 Nbd7 10. h3 Bxf3 11. Qxf3 Nc5 12. Bc2 a6 13. b4 Ncd7 14. O-O Nb6 15.
c5 Nc4 16. Bb3 b5 17. Bxc4 bxc4 18. Bg5 h6 19. Bxf6 Qd7 20. Bxg7 Kxg7 21. Qf6+
Kg8 22. Qxe5 Rab8 23. a3 Rbe8 24. Qd4 Re7 25. Qxc4 Ra8 26. Rf6 Qe8 27. Rc1 Qd7
28. Rxa6 1-0

[Event "Frankfurt Ch 2008"]
[Site "Ffm-Kalbach, LAZ"]
[Date "2008.06.09"]
[Round "6.60"]
[White "Honert, Stefan"]
[Black "Scheerer, Michael"]
[Result "1/2-1/2"]
[WhiteElo "1289"]
[BlackElo "1435"]
[PlyCount "31"]
[EventDate "2008.??.??"]

1. d4 d5 2. c4 e6 3. Nf3 Nf6 4. Nc3 Be7 5. Bf4 O-O 6. e3 c6 7. Bd3 Nbd7 8. O-O
dxc4 9. Bxc4 Nb6 10. Bb3 Nbd5 11. Bg3 Nxc3 12. bxc3 Ne4 13. Rc1 Qa5 14. Qd3
Nxg3 15. hxg3 Bd6 16. e4 1/2-1/2

[Event "Frankfurt Ch 2008"]
[Site "Ffm-Kalbach, LAZ"]
[Date "2008.06.09"]
[Round "6.62"]
[White "Richter, Edgar"]
[Black "Lehmann, Gerit"]
[Result "0-1"]
[WhiteElo "1246"]
[BlackElo "1427"]
[PlyCount "84"]
[EventDate "2008.??.??"]

1. e4 e5 2. Nc3 Nc6 3. Nf3 Bc5 4. Bc4 d6 5. O-O Bg4 6. h3 Bh5 7. Be2 Bg6 8. d3
h6 9. Na4 Bb6 10. Nxb6 axb6 11. a3 Nf6 12. b4 O-O 13. Bb2 Nd7 14. c4 f5 15.
exf5 Bxf5 16. d4 e4 17. Nh2 Qg5 18. Bg4 Nf6 19. Bxf5 Qxf5 20. d5 Ne5 21. Bxe5
Qxe5 22. Ng4 Nxg4 23. Qxg4 Qf5 24. Qxf5 Rxf5 25. Rfe1 Re5 26. Re3 Rae8 27. a4
c6 28. dxc6 bxc6 29. Rd1 d5 30. b5 cxb5 31. cxb5 Ra8 32. Rd4 Kf7 33. f4 Rf5 34.
g3 Ke6 35. Kf2 g5 36. Rc3 Rd8 37. Ke3 gxf4+ 38. gxf4 Rh5 39. Rc6+ Rd6 40. Rd1
Rxh3+ 41. Kd4 Rf3 42. Rg1 Rd3# 0-1

[Event "Frankfurt Ch 2008"]
[Site "Ffm-Kalbach, LAZ"]
[Date "2008.06.09"]
[Round "6.63"]
[White "Lopez-Fuertes, Victor"]
[Black "Truxa, Barbara"]
[Result "1-0"]
[WhiteElo "1411"]
[BlackElo "1248"]
[PlyCount "89"]
[EventDate "2008.??.??"]

1. e4 g6 2. d4 d6 3. Nf3 Bg7 4. Be3 Nf6 5. Nc3 O-O 6. Bd3 Nbd7 7. O-O Ng4 8.
Bg5 c6 9. Bc4 Re8 10. Re1 Qc7 11. h3 Ngf6 12. Bb3 Nf8 13. Qd2 e5 14. d5 cxd5
15. Bxf6 Bxf6 16. Nxd5 Qd8 17. Nxf6+ Qxf6 18. Rad1 Rd8 19. Re3 Be6 20. c4 Rac8
21. Qe2 h6 22. Nd2 Nd7 23. Rf3 Qh4 24. Nb1 Nf6 25. Nc3 Nh5 26. Qe3 Kg7 27. Nd5
Bxd5 28. Rxd5 Qe7 29. c5 Nf6 30. cxd6 Rxd6 31. Rxd6 Qxd6 32. Qxa7 Rc1+ 33. Kh2
Qb4 34. Rc3 Qxe4 35. Rxc1 Qf4+ 36. g3 Qf3 37. Rc3 Qh5 38. Qxb7 g5 39. Rc7 Ng4+
40. Kg1 Nf6 41. Rxf7+ Kg6 42. Rg7+ Kf5 43. Bc2+ e4 44. Bxe4+ Nxe4 45. g4+ 1-0

[Event "Frankfurt Ch 2008"]
[Site "Ffm-Kalbach, LAZ"]
[Date "2008.06.09"]
[Round "6.65"]
[White "Krüger, Manfred"]
[Black "Bauer, Alfred"]
[Result "0-1"]
[WhiteElo "1690"]
[BlackElo "1400"]
[PlyCount "86"]
[EventDate "2008.??.??"]

1. e4 e6 2. d4 d5 3. exd5 exd5 4. Nf3 Bd6 5. Be2 Nf6 6. O-O O-O 7. Nc3 c6 8. h3
Nbd7 9. Re1 Re8 10. b3 Qc7 11. Bb2 Nh5 12. Nh4 Nf4 13. Bg4 Rxe1+ 14. Qxe1 Nf6
15. Nf5 Bd7 16. Nxd6 Nxg4 17. hxg4 Qxd6 18. f3 Re8 19. Qf2 Re6 20. Qh4 Qc7 21.
g5 Ng6 22. Qf2 f6 23. Bc1 Nf4 24. gxf6 Rxf6 25. Ne2 Nxe2+ 26. Qxe2 Rg6 27. f4
h6 28. Qh5 Kh7 29. Qf3 Qd8 30. f5 Rf6 31. g4 Qa5 32. Bf4 Rf8 33. Qd3 Kg8 34.
Bd2 Qd8 35. Qg3 Re8 36. Qg2 Qh4 37. Rf1 Re4 38. Rf4 Bxf5 39. gxf5 Rxf4 40. Bxf4
Qxf4 41. Qg6 Qg5+ 42. Kf1 Qxg6 43. fxg6 Kf8 0-1

[Event "Frankfurt Ch 2008"]
[Site "Ffm-Kalbach, LAZ"]
[Date "2008.06.09"]
[Round "6.67"]
[White "Ortiz-Rodriguez, José"]
[Black "Bongardt, Torsten"]
[Result "0-1"]
[WhiteElo "1249"]
[BlackElo "1417"]
[PlyCount "88"]
[EventDate "2008.??.??"]

1. e4 d5 2. e5 Bf5 3. d4 e6 4. Nc3 Bb4 5. Bd2 Ne7 6. Nf3 O-O 7. Be2 c5 8. Nh4
cxd4 9. Nxf5 dxc3 10. Nxe7+ Qxe7 11. bxc3 Bc5 12. O-O Nd7 13. Bf4 Rfc8 14. Rb1
b6 15. Bd3 Rc7 16. Qh5 g6 17. Qh6 Qf8 18. Qh3 Rac8 19. Ba6 Rd8 20. Bh6 Qe7 21.
Bf4 Nb8 22. Bb5 Rdc8 23. Qh6 Qf8 24. Qh3 Be7 25. Rb3 Qd8 26. Rd1 Bg5 27. Rd4
Nc6 28. Bxg5 Qxg5 29. Rh4 Qc1+ 30. Bf1 Qg5 31. Rxh7 Qxe5 32. Rh4 Na5 33. f4 Qg7
34. Ra3 Rxc3 35. Rxc3 Rxc3 36. Bd3 Nc4 37. Qg3 Qd4+ 38. Kf1 Nd2+ 39. Ke2 Ne4
40. Qf3 Nc5 41. Qg3 Nxd3 42. cxd3 Rc2+ 43. Kd1 Rxa2 44. f5 Qa1# 0-1